Historia antigua de México
Uloženo v:
| Hlavní autor: | |
|---|---|
| Médium: | Kniha |
| Jazyk: | španělština |
| Vydáno: |
Ciudad de México
Porrua
1945
|
| Edice: | Colección de Escritores Mexicanos
|
| Témata: | |
| Tagy: |
Přidat tag
Žádné tagy, Buďte první, kdo vytvoří štítek k tomuto záznamu!
|
MARC
| LEADER | 00000nam a2200000 a 4500 | ||
|---|---|---|---|
| 001 | UCO0698 | ||
| 003 | CL-VaPUC | ||
| 005 | 20241126114534.0 | ||
| 008 | 000428e19450000MX |||||||||||||||||spa|d | ||
| 999 | |c 287346 |d 287344 | ||
| 040 | |c Pontificia Universidad Católica de Valparaíso | ||
| 082 | 0 | 4 | |a 972.01 |b CLA |2 21 |
| 100 | 0 | |a Clavijero, Francisco Javier |e author |9 442115 | |
| 245 | 1 | 0 | |a Historia antigua de México |
| 260 | |a Ciudad de México |b Porrua |c 1945 | ||
| 300 | |a v | ||
| 490 | 0 | |a Colección de Escritores Mexicanos | |
| 500 | |a v.4: Disertaciones | ||
| 583 | |a last modification |c 20000428 00:00:00 |k Rodrigo Vera | ||
| 650 | 7 | |a Pueblos indígenas |2 CL-VaPUC |9 336724 |z México |x Historia | |
| 651 | 0 | |a México |9 255269 |x Historia |y Descubrimiento y conquista, 1517-1521 | |
| 651 | 0 | |a México |x Historia |y Colonia, 1521-1821 |9 894207 | |
| 942 | |c BK |2 ddc | ||
| 945 | |d 20000428 00:00:00 |a crobeson | ||
| 952 | |0 0 |1 0 |4 0 |6 972_010000000000000_CLA_1945 |7 0 |8 X |9 334174 |a BIBHIS |b BIBHIS |d 2019-11-20 |h v.1 |i 1271806 |o 972.01 CLA 1945 |p 1271806 |r 2024-01-30 |w 2019-11-20 |y BK_X |k HIS | ||
| 952 | |0 0 |1 0 |4 0 |6 972_010000000000000_CLA_1945 |7 0 |8 X |9 334175 |a BIBHIS |b BIBHIS |d 2019-11-20 |h v.2 |i 1271814 |o 972.01 CLA 1945 |p 1271814 |r 2024-01-30 |w 2019-11-20 |y BK_X |k HIS | ||
| 952 | |0 0 |1 0 |4 0 |6 972_010000000000000_CLA_1945 |7 0 |8 X |9 334176 |a BIBHIS |b BIBHIS |d 2019-11-20 |h v.3 |i 1271822 |o 972.01 CLA 1945 |p 1271822 |r 2024-01-30 |w 2019-11-20 |y BK_X |k HIS | ||
| 952 | |0 0 |1 0 |4 0 |6 972_010000000000000_CLA_1945 |7 0 |8 X |9 334177 |a BIBHIS |b BIBHIS |d 2019-11-20 |h v.4 |i 1271830 |o 972.01 CLA 1945 |p 1271830 |r 2024-01-30 |w 2019-11-20 |y BK_X |k HIS | ||